Sistema de video-vigilancia con alarma bajo la plataforma Linux

Guardado en:
Bibliografiske detaljer
Hovedforfatter: Brenes Vega, Jose
Format: Bog
Udgivet: [San José, Costa Rica] 2010
Fag:
Tags: Tilføj Tag
Ingen Tags, Vær først til at tagge denne postø!

MARC

LEADER 00000nam a2200000Ia 4500
003 010068
005 20221231144033.0
008 140114s2010 cr a 000 ||s d
040 |c cru CEDI  
090 |a TFG 6238 
100 |a Brenes Vega, Jose   |9 1715 
245 |a Sistema de video-vigilancia con alarma bajo la plataforma Linux 
260 |c 2010  |b [San José, Costa Rica] 
500 |a Proyecto de graduación (bachillerato en ingeniería eléctrica)--Universidad de Costa Rica. Facultad de Ingeniería. Escuela de Ingeniería Eléctrica, 2010 "IE - 0502 Proyecto Eléctrico" 
650 |x VIDEO DIGITAL  |x MEDIDAS DE SEGURIDAD   |x PROCESAMIENTO DE DATOS   |9 2862 
942 |c TFG 
999 |c 15965  |d 15965